MARC

LEADER 00000cam a2200000 7i4500
001 0000019264
005 20080616.0
008 080616
020 |a 0199255911 
090 0 0 |a 415.223   |b WOR 
245 1 4 |a The world Atlas of language structures   |c edited by Martin Haspelmath ... [et al.] 
260 |a Oxford :   |b Oxford University Press ,   |c 2005 
650 0 |a Comparative linguistics   |x Maps 
650 0 |a Grammar, Comparative and general Syntax   |x Atlases 
650 0 |a Grammar, Comparative and general   |x Morphology   |x Atlases 
650 0 |a Grammar, Comparative and general   |x Syntax   |x Maps 
700 1 |a Dryer, Matthew S 
700 1 |a Gil, David 
700 1 |a Haspelmath, Martin 
999 |a 0001024787   |b Book   |c REFERENCE   |e Perbadanan Perpustakaan Awam Johor 
999 |a CD01024787   |b Video CD   |c REFERENCE   |e Perbadanan Perpustakaan Awam Johor